شہر نگران / (Record no. 106192)

MARC details
000 -LEADER
fixed length control field 00793nam a22002537a 4500
005 - DATE AND TIME OF LATEST TRANSACTION
control field 20170123162304.0
010 ## - LIBRARY OF CONGRESS CONTROL NUMBER
LC control number B-080827
020 ## - INTERNATIONAL STANDARD BOOK NUMBER
Terms of availability 200.00
International Standard Book Number 8187231548
035 ## - SYSTEM CONTROL NUMBER
System control number B-080827
037 ## - SOURCE OF ACQUISITION
Source of stock number/acquisition Cen Lib/Ret
040 ## - CATALOGING SOURCE
Original cataloging agency DPL
Language of cataloging UR
082 ## - DEWEY DECIMAL CLASSIFICATION NUMBER
Classification number ن
Item number ر ف ع
100 ## - MAIN ENTRY--PERSONAL NAME
Personal name ر فعت سدوش
9 (RLIN) 108836
245 ## - TITLE STATEMENT
Title شہر نگران /
Statement of responsibility, etc ر فعت سدوش
246 ## - VARYING FORM OF TITLE
Title proper/short title Shahar nigaran /
Remainder of title by Rifat Nigaran
260 ## - PUBLICATION, DISTRIBUTION, ETC. (IMPRINT)
Place of publication, distribution, etc دہلی
Name of publisher, distributor, etc تخلیقکار پبلشرس
Date of publication, distribution, etc 2004
270 ## - ADDRESS
City دہلی
Postal code 110092
Address 104/B- یاور منزل ١ بلاک لکشمی نگر
300 ## - PHYSICAL DESCRIPTION
Extent 252p.
Dimensions 21cm(Hb)
650 ## - SUBJECT ADDED ENTRY--TOPICAL TERM
Topical term or geographic name as entry element اردو ادب
9 (RLIN) 108837
650 ## - SUBJECT ADDED ENTRY--TOPICAL TERM
Topical term or geographic name as entry element اردو ناول
9 (RLIN) 547
650 ## - SUBJECT ADDED ENTRY--TOPICAL TERM
Topical term or geographic name as entry element Urdu literature
9 (RLIN) 108838
650 ## - SUBJECT ADDED ENTRY--TOPICAL TERM
Topical term or geographic name as entry element Urdu novel
9 (RLIN) 108839
942 ## - ADDED ENTRY ELEMENTS (KOHA)
Source of classification or shelving scheme Dewey Decimal Classification
Koha item type Urdu Bks
Classification part ن
Call number suffix ر ف ع
Holdings
Withdrawn status Lost status Damaged status Not for loan Home library Current library Date acquired Source of acquisition Cost, normal purchase price Total Checkouts Full call number Barcode Date last seen Date checked out Copy number Cost, replacement price Price effective from Koha item type
        Central Library Central Library 16/12/2015 Cen Lib/Ret 200.00 2 ن ر ف ع B-080827 11/05/2017 02/05/2017 1 200.00 16/12/2015 Urdu Bks

© Delhi Public Library
Hit Counter
free hit counter